000 00917nam a2200205Ii 4500
003 JO-AjNU
008 230605s9999||||xx |||||||||||||| ||und||
040 _aJO-AjNU
_bara
_erda
_cJO-AjNU
041 _aara
050 1 4 _aHD58.6 2011
100 3 _aاعداد: شيماء السيد سالم,
_eauthor
_934427
245 0 0 _aالاستراتيجيات الاتصالية للازمات الناجمة عن اضرار المنتجات ودورها في حماية سمعة المنظمات
264 3 1 _aالقاهرة: المنظمة العربية للتنمية الادارية، 2011
300 _a78ص
_bيحتوي على ببلوغرافية من ص67-78ص
336 _atext
_btxt
_2rdacontent
337 _aunmediated
_bn
_2rdamedia
338 _avolume
_bnc
_2rdacarrier
490 0 _aاصدار خاص عن المجلة العربية للادارة
650 4 _aالاتصالات - التسويق
_934428
999 _aA14115
_c17683
_d17683